Introduction to Chemical Engineering Thermodynamics / (Record no. 12738)

MARC details
000 -LEADER
fixed length control field 01393cac a22002411u 4500
008 - FIXED-LENGTH DATA ELEMENTS--GENERAL INFORMATION
fixed length control field 090902t2005 xxu||||| |||| 00| 0 eng d
020 ## - INTERNATIONAL STANDARD BOOK NUMBER
International Standard Book Number 0071247084
082 ## - DEWEY DECIMAL CLASSIFICATION NUMBER
Edition number 22
Classification number 660.2
Item number SMI
100 1# - MAIN ENTRY--PERSONAL NAME
Personal name Smith, J. M.
9 (RLIN) 8703
245 ## - TITLE STATEMENT
Title Introduction to Chemical Engineering Thermodynamics /
Statement of responsibility, etc J. M. Smith, H. C. van Ness, M. M. Abbott.
250 ## - EDITION STATEMENT
Edition statement 7th ed.
Remainder of edition statement McGraw Hill International Edition.
260 ## - PUBLICATION, DISTRIBUTION, ETC. (IMPRINT)
Place of publication, distribution, etc Boston :
Name of publisher, distributor, etc McGraw Hill,
Date of publication, distribution, etc c2005.
300 ## - PHYSICAL DESCRIPTION
Extent xviii, 817 p. :
Other physical details ill.;
Dimensions 24 cm.
504 ## - BIBLIOGRAPHY, ETC. NOTE
Bibliography, etc Includes bibliographical references and index.
650 #0 - SUBJECT ADDED ENTRY--TOPICAL TERM
Topical term or geographic name as entry element Chemical engineering.
9 (RLIN) 8704
700 1# - ADDED ENTRY--PERSONAL NAME
Personal name Ness, H. C. van
9 (RLIN) 8705
700 1# - ADDED ENTRY--PERSONAL NAME
Personal name Abbott, M. M.
9 (RLIN) 8706
942 ## - ADDED ENTRY ELEMENTS (KOHA)
Item type Book - Borrowing
Call number prefix 660.2SMI
Source of classification or shelving scheme Dewey Decimal Classification
Holdings
Withdrawn status Item status Source of classification or shelving scheme Damaged status Not for loan Vendor Home library Current library Shelving location Date acquired Source of acquisition Cost, normal purchase price Serial Enumeration / chronology Total Checkouts Total Renewals Full call number Barcode Date last seen Date last borrowed Koha item type
    Dewey Decimal Classification     Baccah Central Library Central Library First floor 02/09/2009   180.00 8497 12 54 660.2 SMI 000017804 15/07/2025 08/02/2017 Book - Borrowing
    Dewey Decimal Classification     Baccah Central Library Central Library First floor 22/09/2010       2   660.2 SMI 000021524 15/07/2025 28/10/2013 NB - Book (Non borrowing)
    Dewey Decimal Classification     Baccah Central Library Central Library First floor 22/09/2010       20 150 660.2 SMI 000021523 15/07/2025 15/02/2020 Book - Borrowing
    Dewey Decimal Classification     Baccah Central Library Central Library First floor 22/09/2010       7 59 660.2 SMI 000021522 15/07/2025 18/02/2020 Book - Borrowing